Earth and life science : (Record no. 846)

MARC details
000 -LEADER
fixed length control field 00807nam a22002177a 4500
003 - CONTROL NUMBER IDENTIFIER
control field OSt
005 - DATE AND TIME OF LATEST TRANSACTION
control field 20250808081900.0
008 - FIXED-LENGTH DATA ELEMENTS--GENERAL INFORMATION
fixed length control field 240618b |||||||| |||| 00| 0 eng d
020 ## - INTERNATIONAL STANDARD BOOK NUMBER
International Standard Book Number 978-621-427-161-0
040 ## - CATALOGING SOURCE
Transcribing agency DWCL-Main lib.
Original cataloging agency OC
082 ## - DEWEY DECIMAL CLASSIFICATION NUMBER
Classification number Fil. 540.28 R457e 2023
100 ## - MAIN ENTRY--PERSONAL NAME
Personal name Reyes, Juan Apolinario C.
245 ## - TITLE STATEMENT
Title Earth and life science :
Remainder of title anthropocene the epoch of significant human influence/
Statement of responsibility, etc. Juan Apolinario C. Reyes & Marco Apolinario
260 ## - PUBLICATION, DISTRIBUTION, ETC.
Place of publication, distribution, etc. Intramuros, Manila, Philippines :
Name of publisher, distributor, etc. Unlimited Books Library Services and Publishing Inc.,
Date of publication, distribution, etc. c2023.
300 ## - PHYSICAL DESCRIPTION
Extent x, 336 pages :
Other physical details illustrations ;
Dimensions 26cm.
504 ## - BIBLIOGRAPHY, ETC. NOTE
Bibliography, etc. note Includes bibliographical references.
650 ## - SUBJECT ADDED ENTRY--TOPICAL TERM
Topical term or geographic name entry element 1. Earth science.
650 ## - SUBJECT ADDED ENTRY--TOPICAL TERM
Topical term or geographic name entry element 2. Life science.
700 ## - ADDED ENTRY--PERSONAL NAME
Personal name Apolinario, Marco
942 ## - ADDED ENTRY ELEMENTS (KOHA)
Source of classification or shelving scheme Dewey Decimal Classification
Koha item type Book-Filipiniana
Call number prefix Fil.
Suppress in OPAC No
952 ## - LOCATION AND ITEM INFORMATION (KOHA)
--
Holdings
Withdrawn status Lost status Source of classification or shelving scheme Damaged status Not for loan Home library Current library Shelving location Date acquired Source of acquisition Cost, normal purchase price Total Checkouts Full call number Barcode Date last seen Copy number Price effective from Koha item type Uniform Resource Identifier
    Dewey Decimal Classification     College Library College Library Filipiniana 02/24/2024 School Fund 550.00   Fil. 540.28 R457e 2023 54038 06/18/2024 c1 06/18/2024 BK - FIL